International encyclopedia of national systems of education
Αποθηκεύτηκε σε:
| Άλλοι συγγραφείς: | |
|---|---|
| Μορφή: | Βιβλίο |
| Γλώσσα: | English |
| Δημοσίευση: |
Oxford :
Pergamon,
c1995
|
| Έκδοση: | 2nd ed. |
| Θέματα: | |
| Ετικέτες: |
Προσθήκη ετικέτας
Δεν υπάρχουν, Καταχωρήστε ετικέτα πρώτοι!
|
MARC
| LEADER | 00000nam a2200000 i 4500 | ||
|---|---|---|---|
| 001 | 1/16960 | ||
| 008 | 980827s1995 eng d | ||
| 020 | |a 0-08-042302-7 | ||
| 035 | |l 10020385 | ||
| 040 | |a GR-MY-UA |b gre |e aacr | ||
| 041 | 0 | |a eng | |
| 082 | 0 | |a 370.195 | |
| 245 | 1 | 0 | |a International encyclopedia of national systems of education / |c edited by T. Neville Postlethwaite |
| 250 | |a 2nd ed. | ||
| 260 | |a Oxford : |b Pergamon, |c c1995 | ||
| 300 | |a xxii, 1105 σ.; |b εικ.; |c 26 εκ. | ||
| 504 | |a Περιέχει βιβλιογραφικές παραπομπές και ευρετήριο | ||
| 650 | 0 | 0 | |a Comparative education |x Encyclopedias. |
| 650 | 0 | 0 | |a School management and organization |x Encyclopedias. |
| 650 | 0 | 0 | |a Education and state |x Encyclopedias. |
| 700 | 1 | |a Postlethwaite, T. Neville. |4 edt | |
| 852 | |a INST |b LESVOS |e 19980827 |h 370.195 INT |p 005100013010 |q 005100013010 |t REF |y 23 | ||
| 852 | |a INST |b LESVOS |e 19981223 |h 370.195 INT |p 005100017469 |q 005100017469 |t REF |y 23 | ||
| 901 | |a BIBL-1998-3 | ||
| 909 | |a Λ |b 058994 | ||
| 909 | |a Λ |b 061726 | ||
| 922 | |a 1ΕΛΗ |b 199808 |c ΚΠΣ/ΤΠ |d ΠΑΠΑΣΩΤΗΡΙΟΥ | ||
| 922 | |a 1ΕΛΗ |b 199812 |c ΚΠΣ/ΚΥΒ |d LEADER | ||
| 950 | |a 107-1998-05-21 | ||
| 950 | |a 023-1998-09-14 | ||